000 00428nam a2200133Ia 4500
008 100328s9999 xx 000 0 und d
082 _b11800
100 _aकेळकर द्वा.वा.
245 _aसनर्थ रामदास
260 _bपुणे विद्यार्थीगृह
630 _aसनर्थ रामदास
730 _aसनर्थ रामदास
942 _cBOOK
999 _c507110
_d507107